00883 a2200157 4500020001500000082001700015100002800032245003200060260004100092300002700133505036900160650004200529700002700571999001300598952011400611 a844930315x a701.17bK16e aKandinsky, Vasili91324 aDe lo espiritual en el Arte aBuenos AiresbEdiciones Paidosc1996 a116 pbil (col)c21 cm tIntroduccion. Max Bill Prologo a la primera edicion suiza. Prologo a la segunda edicion suiza.tA. Notas Generales I. Introduccion II. El movimiento III. El cambio de las formas y los colores IV. La piramidetB. La Pintura V. Los efectos del color VI. El lenguaje de las formas y los colores VII. Teoria VIII. La obra de arte y el artistatEpilogo Laminas I-VIII aEsteticaxArte criticoxpintura91325 aVasili Kandinsky91326 c287d287 00102ddc4070aLVbLVcPensamientod2014-08-21l0o701.17 K16ep000285r2014-08-21 00:00:00w2014-08-21y01